<?xml version="1.0" encoding="UTF-8"?>
<record
    xmlns:xsi="http://www.w3.org/2001/XMLSchema-instance"
    xsi:schemaLocation="http://www.loc.gov/MARC21/slim http://www.loc.gov/standards/marcxml/schema/MARC21slim.xsd"
    xmlns="http://www.loc.gov/MARC21/slim">

  <leader>00760nam a2200205Ia 4500</leader>
  <controlfield tag="003">SEM</controlfield>
  <controlfield tag="005">20250416104140.0</controlfield>
  <controlfield tag="008">141116s1983    ai ||||gr||||||01|||arm|d</controlfield>
  <datafield tag="040" ind1=" " ind2=" ">
    <subfield code="a">SEM</subfield>
    <subfield code="c">SEM</subfield>
  </datafield>
  <datafield tag="041" ind1=" " ind2=" ">
    <subfield code="a">arm</subfield>
  </datafield>
  <datafield tag="080" ind1=" " ind2=" ">
    <subfield code="a">&#x53D;&#x561;&#x579;-221</subfield>
  </datafield>
  <datafield tag="100" ind1=" " ind2=" ">
    <subfield code="a">&#x540;&#x561;&#x580;&#x578;&#x582;&#x569;&#x575;&#x578;&#x582;&#x576;&#x575;&#x561;&#x576;, &#x53C;&#x587;&#x578;&#x576; &#x54E;&#x57C;&#x561;&#x574;&#x56B;</subfield>
  </datafield>
  <datafield tag="245" ind1=" " ind2=" ">
    <subfield code="a">&#x554;&#x578; &#x577;&#x580;&#x57B;&#x561;&#x57A;&#x561;&#x57F;&#x56B; &#x56E;&#x561;&#x57C;&#x565;&#x580;&#x568; :</subfield>
    <subfield code="b">&#x533;&#x56B;&#x57F;&#x561;&#x570;&#x561;&#x576;&#x580;&#x561;&#x574;&#x561;&#x57F;&#x579;&#x565;&#x56C;&#x56B; &#x561;&#x56F;&#x576;&#x561;&#x580;&#x56F; /</subfield>
    <subfield code="c">&#x53C;. &#x540;&#x561;&#x580;&#x578;&#x582;&#x569;&#x575;&#x578;&#x582;&#x576;&#x575;&#x561;&#x576; ; &#x53D;&#x574;&#x562;.&#x55D; &#x544;. &#x532;&#x565;&#x580;&#x562;&#x565;&#x580;&#x575;&#x561;&#x576;</subfield>
  </datafield>
  <datafield tag="260" ind1=" " ind2=" ">
    <subfield code="a">&#x535;&#x580;&#x587;&#x561;&#x576; :</subfield>
    <subfield code="b">&#x54D;&#x578;&#x57E;&#x565;&#x57F;&#x561;&#x56F;&#x561;&#x576; &#x563;&#x580;&#x578;&#x572; &#x570;&#x580;&#x561;&#x57F;.,</subfield>
    <subfield code="c">1983.</subfield>
  </datafield>
  <datafield tag="300" ind1=" " ind2=" ">
    <subfield code="a">223 &#x567;&#x57B; ;</subfield>
    <subfield code="b">&#x563;&#x578;&#x582;&#x576;&#x561;&#x576;&#x56F;. ;</subfield>
    <subfield code="c">17 &#x57D;&#x574;</subfield>
  </datafield>
  <datafield tag="650" ind1=" " ind2=" ">
    <subfield code="a">&#x537;&#x56F;&#x578;&#x56C;&#x578;&#x563;&#x56B;&#x561;</subfield>
    <subfield code="x">&#x531;&#x576;&#x57F;&#x561;&#x57C;&#x57F;&#x576;&#x57F;&#x565;&#x57D;&#x578;&#x582;&#x569;&#x575;&#x578;&#x582;&#x576;</subfield>
  </datafield>
  <datafield tag="653" ind1=" " ind2=" ">
    <subfield code="a">&#x54D;&#x537;&#x544;</subfield>
  </datafield>
  <datafield tag="700" ind1=" " ind2=" ">
    <subfield code="a">&#x532;&#x565;&#x580;&#x562;&#x565;&#x580;&#x575;&#x561;&#x576;, &#x544;.</subfield>
    <subfield code="e">&#x56D;&#x574;&#x562;.</subfield>
    <subfield code="4">edt.</subfield>
  </datafield>
  <datafield tag="942" ind1=" " ind2=" ">
    <subfield code="2">udc</subfield>
    <subfield code="c">BK</subfield>
  </datafield>
  <datafield tag="999" ind1=" " ind2=" ">
    <subfield code="c">44872</subfield>
    <subfield code="d">44872</subfield>
  </datafield>
  <datafield tag="952" ind1=" " ind2=" ">
    <subfield code="0">0</subfield>
    <subfield code="1">0</subfield>
    <subfield code="2">udc</subfield>
    <subfield code="4">0</subfield>
    <subfield code="7">0</subfield>
    <subfield code="8">&#x533;&#x580;&#x561;&#x57A;&#x561;&#x570;&#x578;&#x581;</subfield>
    <subfield code="a">SEM</subfield>
    <subfield code="b">SEM</subfield>
    <subfield code="d">2025-04-16</subfield>
    <subfield code="g">500.00</subfield>
    <subfield code="i">&#x53D;&#x561;&#x579;-221</subfield>
    <subfield code="l">0</subfield>
    <subfield code="o">&#x53D;&#x561;&#x579;-221</subfield>
    <subfield code="p">&#x53D;&#x561;&#x579;-221</subfield>
    <subfield code="r">2025-04-16</subfield>
    <subfield code="w">2025-04-16</subfield>
    <subfield code="y">BK</subfield>
    <subfield code="z">&#x54D;&#x57A;&#x561;&#x57D;&#x561;&#x580;&#x56F;&#x57E;&#x578;&#x582;&#x574; &#x567; &#x568;&#x576;&#x569;&#x565;&#x580;&#x581;&#x561;&#x57D;&#x580;&#x561;&#x570;</subfield>
  </datafield>
  <datafield tag="952" ind1=" " ind2=" ">
    <subfield code="0">0</subfield>
    <subfield code="1">0</subfield>
    <subfield code="2">udc</subfield>
    <subfield code="4">0</subfield>
    <subfield code="7">0</subfield>
    <subfield code="8">&#x533;&#x580;&#x561;&#x57A;&#x561;&#x570;&#x578;&#x581;</subfield>
    <subfield code="a">SEM</subfield>
    <subfield code="b">SEM</subfield>
    <subfield code="d">2025-04-16</subfield>
    <subfield code="g">500.00</subfield>
    <subfield code="i">&#x540;&#x578;&#x57E;&#x570;-284</subfield>
    <subfield code="l">0</subfield>
    <subfield code="o">502.7(47.925)/&#x540;-42</subfield>
    <subfield code="p">&#x540;&#x578;&#x57E;&#x570;-284</subfield>
    <subfield code="r">2025-04-16</subfield>
    <subfield code="w">2025-04-16</subfield>
    <subfield code="y">BK</subfield>
    <subfield code="z">&#x54D;&#x57A;&#x561;&#x57D;&#x561;&#x580;&#x56F;&#x57E;&#x578;&#x582;&#x574; &#x567; 30 &#x585;&#x580;</subfield>
  </datafield>
</record>
